[Event "CZE-chT 2122"]
[Site "Czech Republic"]
[Date "2021.12.18"]
[Round "5.5"]
[White "Hracek, Zbynek"]
[Black "Oral, Tomas"]
[Result "1-0"]
[WhiteElo "2566"]
[BlackElo "2494"]
[PlyCount "75"]
[EventDate "2021.10.15"]
[EventType "team-tourn"]
[EventRounds "15"]
[EventCountry "CZE"]
[SourceTitle "EXT 2023"]
[Source "ChessBase"]
[SourceDate "2022.10.05"]
[SourceVersion "1"]
[SourceVersionDate "2022.10.05"]
[SourceQuality "1"]
[WhiteTeam "Pardubice"]
[BlackTeam "Lysa nad Labem"]
[WhiteTeamCountry "CZE"]
[BlackTeamCountry "CSR"]

1. e4 c5 2. Nf3 Nc6 3. d4 cxd4 4. Nxd4 Qc7 5. Nc3 e6 6. Be3 a6 7. g4 b5 8. Nxc6 Qxc6 9. Qd2 b4 10. Ne2 Qxe4 11. Rg1 Qc4 12. Nf4 Qc7 13. 0-0-0 Nf6 14. Nh5 Nxh5 15. gxh5 h6 16. Kb1 Bb7 17. Bb6 Qc8 18. Bd4 Bf3 19. Be2 Qc6 20. Bxf3 Qxf3 21. Bxg7 Bxg7 22. Rxg7 Rd8 23. Rdg1 d6 24. Qxb4 Qxf2 25. Qb7 Rf8 26. Qxa6 Ke7 27. Rf1 Qxh2 28. Qb7+ Rd7 29. Rgxf7+ Rxf7 30. Rxf7+ Kxf7 31. Qxd7+ Kf6 32. a4 Qh1+ 33. Ka2 Qd5+ 34. b3 Qd2 35. Qc7 d5 36. a5 Qe2 37. Kb2 d4 38. Qf4+ 1-0

[Event "CZE-chT 1819"]
[Site "Czech Republic"]
[Date "2019.04.19"]
[Round "9.6"]
[White "Petrova, Kristyna"]
[Black "Oral, Tomas"]
[Result "0-1"]
[WhiteElo "2248"]
[BlackElo "2509"]
[PlyCount "72"]
[EventDate "2018.11.03"]
[EventType "team-tourn"]
[EventRounds "11"]
[EventCountry "CZE"]
[SourceTitle "CBM 190 Extra"]
[Source "ChessBase"]
[SourceDate "2019.07.15"]
[SourceVersion "1"]
[SourceVersionDate "2019.07.15"]
[SourceQuality "1"]
[WhiteTeam "Unichess II"]
[BlackTeam "Lysa nad Labem"]
[WhiteTeamCountry "CZE"]
[BlackTeamCountry "CZE"]

1. e4 c5 2. Nf3 e6 3. d4 cxd4 4. Nxd4 Nc6 5. Nc3 d6 6. Be3 Nf6 7. Be2 Be7 8. f4 0-0 9. 0-0 a6 10. Bf3 Qc7 11. Kh1 Re8 12. a4 Na5 13. Nb3 Nc4 14. Bc1 e5 15. f5 d5 16. exd5 Bxf5 17. Be2 Bg6 18. Bd3 Rad8 19. Bxg6 hxg6 20. Qf3 Rd7 21. Nd2 Nxd2 22. Bxd2 Bb4 23. Rad1 e4 24. Qh3 Bxc3 25. Bxc3 Rxd5 26. Bxf6 Rxd1 27. Rxd1 gxf6 28. c3 f5 29. Qe3 f4 30. Qd4 f3 31. Kg1 fxg2 32. Kxg2 e3 33. Re1 Qc6+ 34. Kg3 Re4 35. Qd8+ Kg7 36. Re2 Qc4 0-1

[Event "CZE-chT 1819"]
[Site "Czech Republic"]
[Date "2019.02.09"]
[Round "7.2"]
[White "Roubalik, Jakub"]
[Black "Oral, Tomas"]
[Result "0-1"]
[WhiteElo "2410"]
[BlackElo "2509"]
[PlyCount "88"]
[EventDate "2018.11.03"]
[EventType "team-tourn"]
[EventRounds "11"]
[EventCountry "CZE"]
[SourceTitle "CBM 188 Extra"]
[Source "ChessBase"]
[SourceDate "2019.02.28"]
[SourceVersion "1"]
[SourceVersionDate "2019.02.28"]
[SourceQuality "1"]
[WhiteTeam "Brno Duras"]
[BlackTeam "Lysa nad Labem"]
[WhiteTeamCountry "CZE"]
[BlackTeamCountry "CZE"]

1. d4 Nf6 2. c4 g6 3. Nc3 d5 4. cxd5 Nxd5 5. e4 Nxc3 6. bxc3 Bg7 7. Bc4 0-0 8. Ne2 c5 9. 0-0 Nc6 10. Be3 Bg4 11. f3 Na5 12. Bd5 Bd7 13. Rb1 Qc7 14. Bf4 Qc8 15. a3 a6 16. Ba2 Bb5 17. a4 Bxe2 18. Qxe2 cxd4 19. cxd4 Bxd4+ 20. Kh1 Qd7 21. Bh6 Rfd8 22. f4 Bg7 23. Bxg7 Kxg7 24. Rbd1 Qxa4 25. Rxd8 Rxd8 26. f5 Qb5 27. Qf2 f6 28. h3 Rd2 29. Qxd2 Qxf1+ 30. Kh2 Qb5 31. Be6 Qe5+ 32. Kh1 Qa1+ 33. Kh2 Qe5+ 34. Kh1 Nc6 35. Qd7 Qa1+ 36. Kh2 Qe5+ 37. Kh1 Qxe4 38. Qxb7 a5 39. Qd7 a4 40. Bd5 Qe1+ 41. Kh2 Qe5+ 42. Kh1 Nd4 43. fxg6 Ne2 44. Qa7 Ng3+ 0-1

[Event "CZE-chT 1819"]
[Site "Czech Republic"]
[Date "2018.11.04"]
[Round "2.2"]
[White "Oral, Tomas"]
[Black "Langner, Ladislav"]
[Result "1-0"]
[WhiteElo "2509"]
[BlackElo "2397"]
[PlyCount "57"]
[EventDate "2018.11.03"]
[EventType "team-tourn"]
[EventRounds "11"]
[EventCountry "CZE"]
[SourceTitle "CBM 187 Extra"]
[Source "ChessBase"]
[SourceDate "2018.11.04"]
[SourceVersion "1"]
[SourceVersionDate "2018.11.04"]
[SourceQuality "1"]
[WhiteTeam "Lysa nad Labem"]
[BlackTeam "Cesky Tesin Slavoj"]
[WhiteTeamCountry "CZE"]
[BlackTeamCountry "CZE"]

1. e4 g6 2. d4 Bg7 3. Nc3 c6 4. Nf3 d5 5. Bf4 Bg4 6. h3 Bxf3 7. Qxf3 dxe4 8. Nxe4 Qxd4 9. c3 Qb6 10. Bc4 Nf6 11. Nd6+ exd6 12. Bxd6 Nbd7 13. Qe2+ Kd8 14. Bxf7 Qb5 15. Qe7+ Kc8 16. Be6 Qd3 17. Bxd7+ Nxd7 18. Rd1 Qc4 19. Qxg7 Re8+ 20. Kd2 Qxa2 21. Kc1 Qa1+ 22. Kc2 Re2+ 23. Kd3 Qxb2 24. Qg8+ Nf8 25. Qxf8+ Kd7 26. Qf7+ Kxd6 27. Kc4+ Rd2 28. Qf4+ Ke7 29. Qg5+ 1-0

[Event "CZE-chT 1718"]
[Site "Czech Republic"]
[Date "2017.12.03"]
[Round "4.5"]
[White "Kraus, Tomas"]
[Black "Oral, Tomas"]
[Result "1/2-1/2"]
[WhiteElo "2427"]
[BlackElo "2512"]
[PlyCount "61"]
[EventDate "2017.11.18"]
[EventType "team-tourn"]
[EventRounds "11"]
[EventCountry "CZE"]
[SourceTitle "CBM 181 Extra"]
[Source "ChessBase"]
[SourceDate "2017.12.12"]
[SourceVersion "1"]
[SourceVersionDate "2017.12.12"]
[SourceQuality "1"]
[WhiteTeam "Turnov Zikuda"]
[BlackTeam "Lysa nad Labem"]
[WhiteTeamCountry "CZE"]
[BlackTeamCountry "CZE"]

1. Nf3 c5 2. c4 Nc6 3. Nc3 e5 4. e3 Nf6 5. d4 cxd4 6. exd4 e4 7. Ne5 Bb4 8. Be2 Qa5 9. 0-0 Nxe5 10. dxe5 Qxe5 11. Bd2 Be7 12. Re1 d5 13. Nxd5 Nxd5 14. cxd5 Qxd5 15. Bc3 Qxd1 16. Bxd1 0-0 17. Rxe4 Be6 18. Bb3 Bxb3 19. axb3 Bd6 20. Bb4 Bxb4 21. Rxb4 b6 22. Rc4 Rfd8 23. Rc7 Rd2 24. g3 g6 25. Re1 Rxb2 26. Ree7 Rf8 27. Rxa7 Rxb3 28. Reb7 b5 29. Ra5 Rd8 30. Raxb5 Rxb5 31. Rxb5 1/2-1/2

[Event "CZE-chT 1617"]
[Site "Czech Republic"]
[Date "2017.04.01"]
[Round "10.6"]
[White "Babula, Vlastimil"]
[Black "Oral, Tomas"]
[Result "1/2-1/2"]
[WhiteElo "2545"]
[BlackElo "2503"]
[PlyCount "107"]
[EventDate "2016.10.08"]
[EventType "team-tourn"]
[EventRounds "11"]
[EventCountry "CZE"]
[SourceTitle "CBM 177 Extra"]
[Source "ChessBase"]
[SourceDate "2017.04.27"]
[SourceVersion "1"]
[SourceVersionDate "2017.04.27"]
[SourceQuality "1"]
[WhiteTeam "Novoborsky"]
[BlackTeam "Lysa nad Labem"]
[WhiteTeamCountry "CZE"]
[BlackTeamCountry "CZE"]

1. d4 Nf6 2. c4 g6 3. Nc3 d5 4. cxd5 Nxd5 5. Bd2 Bg7 6. e4 Nb6 7. Be3 0-0 8. h3 e5 9. Nf3 exd4 10. Bxd4 Bxd4 11. Qxd4 Nc6 12. Qc5 Be6 13. Rd1 Qe7 14. Qxe7 Nxe7 15. Nd4 Rad8 16. Be2 c5 17. Nxe6 Rxd1+ 18. Bxd1 fxe6 19. Bg4 Kf7 20. Nb5 Nc6 21. 0-0 Rd8 22. f4 Nc4 23. f5 exf5 24. exf5 Ne3 25. fxg6+ Kxg6 26. Rf4 Ne5 27. Be2 Rd2 28. Nc3 Rd4 29. Rf8 Nd5 30. Re8 Kf6 31. Rf8+ Kg7 32. Re8 Kf6 33. Rf8+ Kg7 34. Re8 Nxc3 35. bxc3 Re4 36. Kf1 Rf4+ 37. Ke1 Kf6 38. Rf8+ Kg5 39. Rg8+ Kf6 40. Rf8+ Kg5 41. Rg8+ Kf5 42. Rg7 Ra4 43. Rxb7 h6 44. Rb5 c4 45. Rb4 Rxa2 46. Bxc4 Rxg2 47. Be2 Rg3 48. Rh4 Rxc3 49. Rxh6 a5 50. Kd2 Ra3 51. Rh4 Ra2+ 52. Ke3 Ra3+ 53. Kd2 a4 54. Bd1 1/2-1/2

[Event "CZE-chT 1617"]
[Site "Czech Republic"]
[Date "2017.01.29"]
[Round "6.3"]
[White "Oral, Tomas"]
[Black "Svoboda, Vaclav1"]
[Result "1-0"]
[WhiteElo "2503"]
[BlackElo "2426"]
[PlyCount "53"]
[EventDate "2016.10.08"]
[EventType "team-tourn"]
[EventRounds "11"]
[EventCountry "CZE"]
[SourceTitle "CBM 177 Extra"]
[Source "ChessBase"]
[SourceDate "2017.04.27"]
[SourceVersion "1"]
[SourceVersionDate "2017.04.27"]
[SourceQuality "1"]
[WhiteTeam "Lysa nad Labem"]
[BlackTeam "Jicin"]
[WhiteTeamCountry "CZE"]
[BlackTeamCountry "CZE"]

1. e4 c5 2. Nf3 e6 3. d4 cxd4 4. Nxd4 Nc6 5. Nc3 d6 6. Be3 Nf6 7. f4 Be7 8. Qf3 e5 9. Nf5 Bxf5 10. exf5 Nd4 11. Bb5+ Kf8 12. Qd1 Nxf5 13. Bf2 exf4 14. Qf3 g6 15. Qxf4 d5 16. 0-0-0 Qa5 17. g4 Ng7 18. Rhe1 g5 19. Qe5 Ne6 20. Bd7 Qc7 21. Bxe6 Qxe5 22. Rxe5 fxe6 23. Rxe6 Kf7 24. Re2 Rhd8 25. Bd4 h5 26. Rf1 Rd6 27. Bc5 1-0

[Event "CZE-chT 1516"]
[Site "Czech Republic"]
[Date "2016.04.17"]
[Round "11.1"]
[White "Oral, Tomas"]
[Black "Hracek, Zbynek"]
[Result "1/2-1/2"]
[WhiteElo "2506"]
[BlackElo "2609"]
[PlyCount "48"]
[EventDate "2015.11.07"]
[EventType "team-tourn"]
[EventRounds "11"]
[EventCountry "CZE"]
[SourceTitle "EXT 2017"]
[Source "ChessBase"]
[SourceDate "2016.10.25"]
[SourceVersion "1"]
[SourceVersionDate "2016.10.25"]
[SourceQuality "1"]
[WhiteTeam "Lysa nad Labem"]
[BlackTeam "Novoborsky"]
[WhiteTeamCountry "CZE"]
[BlackTeamCountry "CZE"]

1. e4 c5 2. Nf3 d6 3. Bb5+ Bd7 4. Bxd7+ Nxd7 5. 0-0 Ngf6 6. d3 e6 7. b3 g6 8. Bb2 Bg7 9. Nbd2 0-0 10. h3 b5 11. c4 a6 12. Nh2 e5 13. Ng4 Nh5 14. g3 b4 15. Ne3 Bh6 16. Nd5 Ndf6 17. Kg2 Nxd5 18. exd5 f5 19. Nf3 Bg7 20. Kh2 a5 21. a3 h6 22. Nh4 Kh7 23. Ng2 Qd7 24. Qd2 f4 1/2-1/2

[Event "CZE-chT 1516"]
[Site "Czech Republic"]
[Date "2016.04.16"]
[Round "10.2"]
[White "Vokac, Marek"]
[Black "Oral, Tomas"]
[Result "1/2-1/2"]
[WhiteElo "2430"]
[BlackElo "2506"]
[PlyCount "22"]
[EventDate "2015.11.07"]
[EventType "team-tourn"]
[EventRounds "11"]
[EventCountry "CZE"]
[SourceTitle "EXT 2017"]
[Source "ChessBase"]
[SourceDate "2016.10.25"]
[SourceVersion "1"]
[SourceVersionDate "2016.10.25"]
[SourceQuality "1"]
[WhiteTeam "Turnov Zikuda"]
[BlackTeam "Lysa nad Labem"]
[WhiteTeamCountry "CZE"]
[BlackTeamCountry "CZE"]

1. d4 Nf6 2. c4 e6 3. Nf3 b6 4. Bf4 Bb7 5. e3 Be7 6. Nc3 Nh5 7. Bd3 Nxf4 8. exf4 0-0 9. 0-0 g6 10. Re1 Bf6 11. Rc1 Bg7 1/2-1/2

[Event "CZE-chT 1516"]
[Site "Czech Republic"]
[Date "2016.04.15"]
[Round "9.6"]
[White "Oral, Tomas"]
[Black "Miesbauer, Jan"]
[Result "1-0"]
[WhiteElo "2506"]
[BlackElo "2189"]
[PlyCount "103"]
[EventDate "2015.11.07"]
[EventType "team-tourn"]
[EventRounds "11"]
[EventCountry "CZE"]
[SourceTitle "EXT 2017"]
[Source "ChessBase"]
[SourceDate "2016.10.25"]
[SourceVersion "1"]
[SourceVersionDate "2016.10.25"]
[SourceQuality "1"]
[WhiteTeam "Lysa nad Labem"]
[BlackTeam "Lysa nad Labem II"]
[WhiteTeamCountry "CZE"]
[BlackTeamCountry "CZE"]

1. e4 e6 2. d4 d5 3. Nd2 Be7 4. Ngf3 Nf6 5. e5 Nfd7 6. Bd3 c5 7. c3 Nc6 8. 0-0 a5 9. a4 cxd4 10. cxd4 Nb6 11. Nb1 Nb4 12. Be2 Bd7 13. Nc3 0-0 14. Bf4 Nc8 15. Nd2 Na7 16. Ndb1 Rc8 17. Na3 Qb6 18. Qd2 f6 19. exf6 Bxf6 20. Rad1 Be8 21. Nab5 Nxb5 22. axb5 Bg6 23. Na4 Qxd4 24. Qxd4 Bxd4 25. Bd6 e5 26. Bxf8 Kxf8 27. Rc1 Rc2 28. Rxc2 Bxc2 29. Nc3 Ke7 30. Rc1 Kd6 31. Kf1 e4 32. Na2 Bb3 33. Nxb4 axb4 34. f3 Ke5 35. Rc7 b6 36. fxe4 Kxe4 37. Re7+ Kf5 38. Bd3+ Kf6 39. Rb7 h6 40. Ke2 Ke6 41. Kd2 Bc4 42. Rc7 Bxb2 43. Bxc4 dxc4 44. Rxc4 Bc3+ 45. Kc2 Ke5 46. Kb3 Bd4 47. Kxb4 Ke4 48. Rc6 Kd5 49. h3 Bf2 50. Kc3 Bc5 51. Kd3 Bf2 52. Rc7 1-0

[Event "Seville op 40th"]
[Site "Seville"]
[Date "2015.01.27"]
[Round "4"]
[White "Oral, Tomas"]
[Black "Diaz Castro, Sergio"]
[Result "1-0"]
[WhiteElo "2498"]
[BlackElo "2255"]
[PlyCount "103"]
[EventDate "2015.01.25"]
[EventType "swiss"]
[EventRounds "9"]
[EventCountry "ESP"]
[SourceTitle "CBM 164 Extra"]
[Source "ChessBase"]
[SourceDate "2015.03.02"]
[SourceVersion "1"]
[SourceVersionDate "2015.03.02"]
[SourceQuality "1"]

1. e4 d5 2. exd5 Qxd5 3. Nc3 Qd6 4. d4 Nf6 5. Nf3 Bg4 6. h3 Bh5 7. g3 Nc6 8. Bg2 0-0-0 9. 0-0 e5 10. dxe5 Nxe5 11. Qe2 Nxf3+ 12. Bxf3 Bxf3 13. Qxf3 Qe6 14. Kg2 Bb4 15. Ne2 Rhe8 16. Nf4 Qe4 17. Nd3 Bf8 18. Bg5 Rd5 19. Be3 Qxf3+ 20. Kxf3 Rf5+ 21. Kg2 h5 22. Rfe1 Re4 23. Bd2 c5 24. Bc3 Bd6 25. b3 c4 26. Bxf6 Rxe1 27. Rxe1 cxd3 28. Bd4 Rd5 29. c3 Bc5 30. Bxg7 Kd7 31. Rd1 Kc6 32. Bh6 b5 33. Kf3 a5 34. Be3 b4 35. c4 Rd6 36. Bxc5 Kxc5 37. Ke3 a4 38. Rxd3 Re6+ 39. Kd2 h4 40. Rd5+ Kc6 41. Ra5 Kb6 42. Rb5+ Kc6 43. Rxb4 axb3 44. axb3 hxg3 45. fxg3 Rg6 46. g4 Rh6 47. Rb5 Rxh3 48. Ke2 Rg3 49. Rf5 Rxg4 50. Rxf7 Kc5 51. Rf5+ Kc6 52. Kd3 1-0

[Event "Sitges Sunway op 1st"]
[Site "Sitges"]
[Date "2014.12.20"]
[Round "8"]
[White "Peralta, Fernando"]
[Black "Oral, Tomas"]
[Result "1/2-1/2"]
[WhiteElo "2582"]
[BlackElo "2498"]
[PlyCount "49"]
[EventDate "2014.12.14"]
[EventType "swiss"]
[EventRounds "9"]
[EventCountry "ESP"]
[SourceTitle "EXT 2016"]
[Source "ChessBase"]
[SourceDate "2015.10.08"]
[SourceVersion "1"]
[SourceVersionDate "2015.10.08"]
[SourceQuality "1"]

1. d4 Nf6 2. c4 e6 3. Nc3 Bb4 4. e3 0-0 5. Bd3 d5 6. Nf3 c5 7. 0-0 cxd4 8. exd4 dxc4 9. Bxc4 a6 10. a4 Nc6 11. Bg5 h6 12. Bh4 Be7 13. Re1 Bd7 14. Bg3 Rc8 15. Qe2 Qa5 16. Rad1 Nd5 17. Nxd5 exd5 18. Bb3 Bb4 19. Rf1 Ne7 20. Ra1 Bg4 21. Qd3 Bf5 22. Qd1 Bg4 23. Qd3 Bf5 24. Qd1 Bg4 25. Qd3 1/2-1/2

[Event "Sitges Sunway op 1st"]
[Site "Sitges"]
[Date "2014.12.18"]
[Round "6"]
[White "Martinez Alcantara, Jose Eduardo"]
[Black "Oral, Tomas"]
[Result "0-1"]
[WhiteElo "2448"]
[BlackElo "2498"]
[PlyCount "78"]
[EventDate "2014.12.14"]
[EventType "swiss"]
[EventRounds "9"]
[EventCountry "ESP"]
[SourceTitle "EXT 2016"]
[Source "ChessBase"]
[SourceDate "2015.10.08"]
[SourceVersion "1"]
[SourceVersionDate "2015.10.08"]
[SourceQuality "1"]

1. Nf3 c5 2. c4 Nc6 3. d4 cxd4 4. Nxd4 Nf6 5. Nc3 e6 6. a3 Be7 7. e4 0-0 8. Nc2 b6 9. Be2 Bb7 10. Ne3 Ne5 11. 0-0 Ng6 12. Bd3 Rc8 13. f4 d5 14. cxd5 exd5 15. Ncxd5 Nxd5 16. exd5 Bc5 17. Bxg6 hxg6 18. Kh1 Re8 19. Qd3 Bxe3 20. Bxe3 Qxd5 21. Qxd5 Bxd5 22. Bd4 Rc2 23. Rf2 Rxf2 24. Bxf2 Re2 25. Kg1 Rxb2 26. h3 a5 27. Rd1 Bc4 28. Rd8+ Kh7 29. Rc8 b5 30. a4 Be6 31. Ra8 b4 32. Rxa5 b3 33. Rb5 Ra2 34. Bd4 Rxa4 35. Be3 Bc4 36. Rb8 Ra1+ 37. Kh2 Ra2 38. Kg3 Bd5 39. Bf2 Rd2 0-1

[Event "Sitges Sunway op 1st"]
[Site "Sitges"]
[Date "2014.12.17"]
[Round "5"]
[White "Oral, Tomas"]
[Black "Sorm, Daniel"]
[Result "1/2-1/2"]
[WhiteElo "2498"]
[BlackElo "2319"]
[PlyCount "37"]
[EventDate "2014.12.14"]
[EventType "swiss"]
[EventRounds "9"]
[EventCountry "ESP"]
[SourceTitle "EXT 2016"]
[Source "ChessBase"]
[SourceDate "2015.10.08"]
[SourceVersion "1"]
[SourceVersionDate "2015.10.08"]
[SourceQuality "1"]

1. e4 c5 2. Nf3 Nc6 3. d4 cxd4 4. Nxd4 Nf6 5. Nc3 d6 6. Bg5 Qb6 7. Nb3 e6 8. Qd2 Be7 9. 0-0-0 a6 10. f3 0-0 11. h4 Rd8 12. Be3 Qc7 13. Qf2 Nd7 14. g4 b5 15. g5 b4 16. Na4 Rb8 17. f4 Na5 18. g6 hxg6 19. f5 1/2-1/2

[Event "Legnica Voivoda Cup 30th"]
[Site "Legnica"]
[Date "2014.11.26"]
[Round "9"]
[White "Oral, Tomas"]
[Black "Kriebel, Tadeas"]
[Result "1/2-1/2"]
[WhiteElo "2489"]
[BlackElo "2442"]
[PlyCount "63"]
[EventDate "2014.11.20"]
[EventType "tourn"]
[EventRounds "9"]
[EventCountry "POL"]
[EventCategory "8"]
[SourceTitle "CBM 163 Extra"]
[Source "ChessBase"]
[SourceDate "2014.12.23"]
[SourceVersion "1"]
[SourceVersionDate "2014.12.23"]
[SourceQuality "1"]

1. e4 e5 2. Nf3 Nc6 3. Bb5 a6 4. Ba4 Nf6 5. 0-0 b5 6. Bb3 Bb7 7. d3 Be7 8. Nc3 0-0 9. a4 Na5 10. Ba2 d5 11. axb5 axb5 12. Nxb5 Nc6 13. Bg5 Nb4 14. Bb3 dxe4 15. Nxe5 exd3 16. cxd3 Rxa1 17. Qxa1 Nh5 18. Qa7 Bxg2 19. Kxg2 Bxg5 20. Nxf7 Rxf7 21. Bxf7+ Kxf7 22. Qxc7+ Qxc7 23. Nxc7 Nxd3 24. b3 Be7 25. Nd5 Bc5 26. Rd1 Nxf2 27. Rf1 Ke6 28. Nc7+ Kd7 29. Na6 Bb6 30. Rxf2 Bxf2 31. Kxf2 Ke8 32. Kg1 1/2-1/2

[Event "Legnica Voivoda Cup 30th"]
[Site "Legnica"]
[Date "2014.11.24"]
[Round "6"]
[White "Simacek, Pavel"]
[Black "Oral, Tomas"]
[Result "0-1"]
[WhiteElo "2464"]
[BlackElo "2489"]
[PlyCount "78"]
[EventDate "2014.11.20"]
[EventType "tourn"]
[EventRounds "9"]
[EventCountry "POL"]
[EventCategory "8"]
[SourceTitle "CBM 163 Extra"]
[Source "ChessBase"]
[SourceDate "2014.12.23"]
[SourceVersion "1"]
[SourceVersionDate "2014.12.23"]
[SourceQuality "1"]

1. d4 Nf6 2. c4 e6 3. g3 c5 4. d5 exd5 5. cxd5 b5 6. e4 Nxe4 7. Bg2 Nd6 8. Nf3 Be7 9. 0-0 0-0 10. Bf4 Bb7 11. Nc3 Na6 12. Bxd6 Bxd6 13. Nxb5 Be7 14. Ne5 Bf6 15. Nc4 Nc7 16. Nxc7 Qxc7 17. d6 Qc8 18. Bd5 Rb8 19. Rc1 Re8 20. b3 Bd4 21. Qf3 Bxd5 22. Qxd5 Re2 23. Ne3 Rxe3 24. fxe3 Bxe3+ 25. Kg2 Bxc1 26. Rxc1 Qa6 27. Qxc5 g6 28. Rc2 Re8 29. b4 Qd3 30. Rf2 a6 31. a4 h5 32. Qc7 Qd5+ 33. Kh3 Qe6+ 34. Kg2 Qd5+ 35. Kh3 Qe6+ 36. Kg2 h4 37. gxh4 Qg4+ 38. Kf1 Qh3+ 39. Rg2 Qf3+ 0-1

[Event "Legnica Voivoda Cup 30th"]
[Site "Legnica"]
[Date "2014.11.23"]
[Round "5"]
[White "Oral, Tomas"]
[Black "Czarnota, Pawel"]
[Result "0-1"]
[WhiteElo "2489"]
[BlackElo "2529"]
[PlyCount "92"]
[EventDate "2014.11.20"]
[EventType "tourn"]
[EventRounds "9"]
[EventCountry "POL"]
[EventCategory "8"]
[SourceTitle "CBM 163 Extra"]
[Source "ChessBase"]
[SourceDate "2014.12.23"]
[SourceVersion "1"]
[SourceVersionDate "2014.12.23"]
[SourceQuality "1"]

1. e4 c5 2. Nf3 d6 3. d4 cxd4 4. Nxd4 Nf6 5. Nc3 Nc6 6. Bg5 e6 7. Qd2 a6 8. 0-0-0 Bd7 9. f4 b5 10. Bxf6 gxf6 11. Kb1 b4 12. Nce2 Qb6 13. f5 Nxd4 14. Nxd4 e5 15. Nf3 Bc6 16. Bd3 h5 17. Rhe1 Qc5 18. Qe2 a5 19. Bc4 Rc8 20. Nd2 h4 21. Qe3 Qxe3 22. Rxe3 Bh6 23. Re2 Ke7 24. b3 Rhg8 25. Bd5 Bxd5 26. exd5 Bxd2 27. Rdxd2 Rg5 28. Rf2 Rc3 29. Kb2 Kd7 30. a3 Kc7 31. axb4 axb4 32. Rd1 Kb6 33. Ra1 Rg4 34. Ra8 Rf4 35. Rxf4 exf4 36. h3 Rg3 37. Ra1 f3 38. gxf3 Rxh3 39. Re1 Kb5 40. Re4 Rh1 41. c4+ bxc3+ 42. Kxc3 h3 43. Rb4+ Kc5 44. Rc4+ Kxd5 45. Kb4 Rd1 46. Rc2 Rd4+ 0-1

[Event "Legnica Voivoda Cup 30th"]
[Site "Legnica"]
[Date "2014.11.22"]
[Round "4"]
[White "Sabuk, Piotr"]
[Black "Oral, Tomas"]
[Result "0-1"]
[WhiteElo "2303"]
[BlackElo "2489"]
[PlyCount "82"]
[EventDate "2014.11.20"]
[EventType "tourn"]
[EventRounds "9"]
[EventCountry "POL"]
[EventCategory "8"]
[SourceTitle "CBM 163 Extra"]
[Source "ChessBase"]
[SourceDate "2014.12.23"]
[SourceVersion "1"]
[SourceVersionDate "2014.12.23"]
[SourceQuality "1"]

1. d4 Nf6 2. c4 e6 3. Nc3 Bb4 4. e3 c5 5. Nge2 cxd4 6. exd4 0-0 7. a3 Be7 8. g3 d5 9. cxd5 Nxd5 10. Bg2 Nxc3 11. bxc3 Nc6 12. 0-0 Na5 13. Qd3 Bd7 14. Rb1 Rc8 15. Rxb7 Nxb7 16. Bxb7 Rb8 17. Be4 f5 18. Bg2 Qb6 19. Bf4 Bd6 20. c4 Bxf4 21. Nxf4 Qb3 22. Re1 Rfc8 23. c5 Qxd3 24. Nxd3 Rb3 25. Nf4 Rcb8 26. c6 Rb1 27. Kf1 Bc8 28. Rxb1 Rxb1+ 29. Ke2 Rb2+ 30. Ke1 Kf8 31. a4 Ra2 32. d5 Ke7 33. dxe6 Bxe6 34. c7 Rc2 35. Bd5 Bxd5 36. Nxd5+ Kd6 37. Ne3 Rxc7 38. Nxf5+ Kc5 39. Ne3 Rd7 40. f4 Kb4 41. f5 Kxa4 0-1

[Event "Legnica Voivoda Cup 30th"]
[Site "Legnica"]
[Date "2014.11.21"]
[Round "3"]
[White "Oral, Tomas"]
[Black "Gajek, Radoslaw"]
[Result "1/2-1/2"]
[WhiteElo "2489"]
[BlackElo "2316"]
[PlyCount "61"]
[EventDate "2014.11.20"]
[EventType "tourn"]
[EventRounds "9"]
[EventCountry "POL"]
[EventCategory "8"]
[SourceTitle "CBM 163 Extra"]
[Source "ChessBase"]
[SourceDate "2014.12.23"]
[SourceVersion "1"]
[SourceVersionDate "2014.12.23"]
[SourceQuality "1"]

1. e4 c5 2. Nf3 d6 3. d4 cxd4 4. Nxd4 Nf6 5. Nc3 a6 6. Be2 e6 7. 0-0 Be7 8. f4 0-0 9. a4 Nc6 10. Be3 Bd7 11. Nb3 Rc8 12. a5 Nb4 13. Bb6 Qe8 14. Bf3 e5 15. Qd2 exf4 16. Nd4 Bd8 17. Bxd8 Rxd8 18. Qxf4 Qe5 19. Qd2 Nc6 20. Nxc6 Bxc6 21. Rfe1 Nd7 22. b4 Qe6 23. Be2 Ne5 24. b5 axb5 25. Bxb5 Bxb5 26. Nxb5 Qc4 27. Qd5 Qxc2 28. Rac1 Qb2 29. Rb1 Qc2 30. Rbc1 Qb2 31. Rb1 1/2-1/2

[Event "Legnica Voivoda Cup 30th"]
[Site "Legnica"]
[Date "2014.11.21"]
[Round "2"]
[White "Sieciechowicz, Marcin"]
[Black "Oral, Tomas"]
[Result "0-1"]
[WhiteElo "2441"]
[BlackElo "2489"]
[PlyCount "48"]
[EventDate "2014.11.20"]
[EventType "tourn"]
[EventRounds "9"]
[EventCountry "POL"]
[EventCategory "8"]
[SourceTitle "CBM 163 Extra"]
[Source "ChessBase"]
[SourceDate "2014.12.23"]
[SourceVersion "1"]
[SourceVersionDate "2014.12.23"]
[SourceQuality "1"]

1. d4 Nf6 2. c4 g6 3. f3 d5 4. cxd5 Nxd5 5. e4 Nb6 6. Nc3 Bg7 7. Be3 0-0 8. Qd2 Nc6 9. 0-0-0 Qd6 10. f4 Bg4 11. Nf3 Rfd8 12. d5 Qb4 13. a3 Bxc3 14. axb4 Bxd2+ 15. Rxd2 Nxb4 16. Ne5 Bc8 17. Bc5 a5 18. Bxe7 Re8 19. d6 cxd6 20. Bxd6 Be6 21. Bb5 Rec8+ 22. Kb1 f6 23. Nd3 Ba2+ 24. Ka1 Bc4 0-1

[Event "CZE-chT1W 1415"]
[Site "Czech Republic"]
[Date "2014.11.11"]
[Round "2.1"]
[White "Oral, Tomas"]
[Black "Jirovsky, Milos"]
[Result "1/2-1/2"]
[WhiteElo "2513"]
[BlackElo "2455"]
[PlyCount "66"]
[EventDate "2014.10.19"]
[EventType "team-tourn"]
[EventRounds "11"]
[EventCountry "CZE"]
[SourceTitle "EXT 2015"]
[Source "ChessBase"]
[SourceDate "2014.11.20"]
[SourceVersion "1"]
[SourceVersionDate "2014.11.20"]
[SourceQuality "1"]
[WhiteTeam "Lysa nad Labem II"]
[BlackTeam "Praha Pankrac"]
[WhiteTeamCountry "CZE"]
[BlackTeamCountry "CZE"]

1. e4 c5 2. Nf3 Nc6 3. Bb5 g6 4. Bxc6 dxc6 5. d3 Bg7 6. h3 b6 7. 0-0 Nh6 8. a4 a5 9. Be3 f6 10. Na3 Nf7 11. Nc4 Be6 12. Nfd2 Nd6 13. Qe2 0-0 14. f4 Nxc4 15. Nxc4 f5 16. Rad1 Bxc4 17. dxc4 Qc7 18. exf5 Rxf5 19. Rd3 e5 20. fxe5 Rxf1+ 21. Qxf1 Bxe5 22. Bh6 Re8 23. c3 Bg7 24. Bf4 Qf7 25. Rd1 Bf6 26. Bc7 Qxc7 27. Qxf6 Qg3 28. Rf1 Qe3+ 29. Kh1 Qe6 30. Qf4 Qe7 31. Qg3 Qe2 32. Qf4 Qe7 33. Qg3 Qe2 1/2-1/2